000 00305nam a22001337a 4500
020 _a817826154-5
082 _a823
_bDIC/C
100 _aCHARLES DICKENS
245 _aTHE CHRISTMAS CAROL
260 _aDELHI
_bROHAN BOOK COMPANY
_c2003
300 _a200
650 _aMODERN ILLUSTRATED CLASSICS
942 _cBK
999 _c302
_d302